000 00250nam a2200109Ia 4500
008 190216s9999||||xx |||||||||||||| ||und||
100 _aRoy Thomas
245 0 _aEavan Ende Priya C J
260 _bSreeni Printers
650 _aOormakurip
942 _cBK
999 _c26946
_d26946